LEADER 01047nam0 22002891i 450 001 UON00447274 005 20231205105023.363 010 $a20-7037-269-3 100 $a20141118d1958 |0itac50 ba 101 $afre 102 $aFR 105 $a|||| ||||| 200 1 $aSolal$fAlbert Cohen 210 $aParis$cGallimard$d1958 215 $a472 p.$d18 cm 316 $avalore stimato$5IT-UONSI Francese21 FOLCOH 410 1$1001UON00172959$12001 $aFolio. Essais$1210 $aParis$cGallimard$v1269 620 $aFR$dParis$3UONL002984 676 $a843.914$cNarrativa francese, 1945-1999$v21 700 1$aCOHEN$bAlbert$3UONV139378$0120460 712 $aGallimard$3UONV246610$4650 801 $aIT$bSOL$c20240220$gRICA 899 $aSIBA - SISTEMA BIBLIOTECARIO DI ATENEO$2UONSI 912 $aUON00447274 950 $aSIBA - SISTEMA BIBLIOTECARIO DI ATENEO$dSI Francese 21 FOL COH $eSI LO 30763 7 valore stimato$sBuono 996 $aSolal$91331479 997 $aUNIOR